LEADER 01770oam 2200481zu 450 001 996199447203316 005 20210807003348.0 035 $a(CKB)111026746723898 035 $a(SSID)ssj0000395314 035 $a(PQKBManifestationID)12171915 035 $a(PQKBTitleCode)TC0000395314 035 $a(PQKBWorkID)10450646 035 $a(PQKB)11239803 035 $a(EXLCZ)99111026746723898 100 $a20160829d1999 uy 101 0 $aeng 181 $ctxt 182 $cc 183 $acr 200 10$aProceedings : 1999 IEEE/IEEJ/JSAI International Conference on Intelligent Transportation Systems, October 5-8, 1999, Tokyo, Japan 210 31$a[Place of publication not identified]$cThe Institute of Electrical and Electronics Engineers$d1999 300 $aBibliographic Level Mode of Issuance: Monograph 311 $a0-7803-4975-X 606 $aIntelligent transportation systems$xAutomatic control$vCongresses 606 $aAutomobiles$vCongresses 606 $aCivil & Environmental Engineering$2HILCC 606 $aEngineering & Applied Sciences$2HILCC 606 $aTransportation Engineering$2HILCC 615 0$aIntelligent transportation systems$xAutomatic control 615 0$aAutomobiles 615 7$aCivil & Environmental Engineering 615 7$aEngineering & Applied Sciences 615 7$aTransportation Engineering 676 $a388.3/12 712 02$aIEEE Intelligent Transportation Systems Council 712 02$aJinkåo Chinåo Gakkai 712 02$aDenki Gakkai (1888) 712 12$aIEEE/IEEJ/JSAI International Conference on Intelligent Transportation Systems 801 0$bPQKB 906 $aPROCEEDING 912 $a996199447203316 996 $aProceedings : 1999 IEEE$92508683 997 $aUNISA LEADER 00851nam a2200217 i 4500 001 991004263837807536 005 20230202130817.0 008 101122s1975 it e 000 0 ita c 040 $aBibl. Dip.le Aggr. Scienze Economia - Sez. Settore Economico 082 1 $a343.4506 100 1 $aLuzzana, Rodolfo$0369648 245 03$aLa dichiarazione dei redditi per le società /$cRodolfo Luzzana, Franco Tentorio 260 $aMilano :$bEtas libri,$c1975 300 $a104, 131, [28] p. ;$c21 cm 490 0 $aBiblioteca legale, tributaria e di tecnica professionale ;$v15 505 2 $aCon appendice di leggi 650 7$aSocietà (Diritto e economia) 700 1 $aTentorio, Franco$eauthor$4http://id.loc.gov/vocabulary/relators/aut$0369647 912 $a991004263837807536 996 $aDichiarazione dei redditi per le società$93064609 997 $aUNISALENTO